Studies in agrarian social structure (Record no. 1848616)

MARC details
000 -LEADER
fixed length control field 00539nam a22001577a 4500
005 - DATE AND TIME OF LATEST TRANSACTION
control field 20260428165832.0
008 - FIXED-LENGTH DATA ELEMENTS--GENERAL INFORMATION
fixed length control field 260428b |||||||| |||| 00| 0 eng d
040 ## - CATALOGING SOURCE
Original cataloging agency RTL
Transcribing agency RTL
084 ## - COLON CLASSIFICATION NUMBER
Classification number X9(J):(Y).2.N7 L4/TD
Assigning agency RTL
100 ## - MAIN ENTRY--PERSONAL NAME
Personal name Beteille, Andre
245 ## - TITLE STATEMENT
Title Studies in agrarian social structure
260 ## - PUBLICATION, DISTRIBUTION, ETC.
Place of publication, distribution, etc. Delhi
Name of publisher, distributor, etc. Oxford University Press
Date of publication, distribution, etc. 1974
300 ## - PHYSICAL DESCRIPTION
Extent vii, 206 p.
Other physical details Includes bibliographical references and index
942 ## - ADDED ENTRY ELEMENTS (KOHA)
Source of classification or shelving scheme Colon Classification (CC)
Koha item type Textbook
Classification part X9(J):(Y).2.N7 L4/TD
Suppress in OPAC No

No items available.

Copyright @ Delhi University Library System